[Event "Caracas Hybrid Rapid op"]
[Site "Caracas"]
[Date "2022.09.17"]
[Round "6"]
[White "Lombeida Roman, Alfonso Maria"]
[Black "Silva Mago, Alvaro Francisco"]
[Result "0-1"]
[WhiteElo "1534"]
[BlackElo "1502"]
[PlyCount "74"]
[EventDate "2022.09.17"]
[EventType "swiss"]
[EventRounds "11"]
[EventCountry "VEN"]
[SourceTitle "EXT 2023"]
[Source "ChessBase"]
[SourceDate "2022.10.05"]
[SourceVersion "1"]
[SourceVersionDate "2022.10.05"]
[SourceQuality "1"]

1. e4 e5 2. Nf3 Nf6 3. Nxe5 d6 4. Nf3 Nxe4 5. Nc3 Nxc3 6. dxc3 Be7 7. Be3 Be6 8. Qd2 Nc6 9. Bd3 Qd7 10. 0-0-0 Bxa2 11. b3 a5 12. Bb5 0-0 13. Kb2 Bf6 14. Ra1 a4 15. Rxa2 axb3 16. Rxa8 Rxa8 17. cxb3 Qf5 18. Bxc6 Qa5 19. Ba4 b5 20. Ra1 Rb8 21. Bd4 bxa4 22. b4 c5 23. Ka3 cxb4+ 24. cxb4 Qd5 25. Qc3 Bxd4 26. Nxd4 Qxg2 27. Qg3 Qd5 28. Qc3 Qg2 29. Ra2 h6 30. f4 Qd5 31. Re2 Qb7 32. Qc6 Qxb4+ 33. Ka2 Qb1+ 34. Ka3 Qa1+ 35. Ra2 Qc3+ 36. Kxa4 Qxd4+ 37. Ka3 Qb4# 0-1

[Event "Caracas Hybrid Rapid op"]
[Site "Caracas"]
[Date "2022.09.17"]
[Round "4"]
[White "Silva Mago, Alvaro Francisco"]
[Black "Cabeza Marquez, Josue Alejandro"]
[Result "0-1"]
[WhiteElo "1502"]
[BlackElo "1572"]
[PlyCount "20"]
[EventDate "2022.09.17"]
[EventType "swiss"]
[EventRounds "11"]
[EventCountry "VEN"]
[SourceTitle "EXT 2023"]
[Source "ChessBase"]
[SourceDate "2022.10.05"]
[SourceVersion "1"]
[SourceVersionDate "2022.10.05"]
[SourceQuality "1"]

1. e4 c5 2. c3 d5 3. exd5 Qxd5 4. d4 Nc6 5. Nf3 Bf5 6. Be2 e6 7. 0-0 cxd4 8. cxd4 Bxb1 9. Rxb1 Nf6 10. b3 Bd6 0-1

[Event "Hibrido del Sur op U2200"]
[Site "Porlamar"]
[Date "2021.08.28"]
[Round "4"]
[White "Vilca Contreras, Dante Ivan"]
[Black "Silva Mago, Alvaro Francisco"]
[Result "0-1"]
[WhiteElo "1165"]
[BlackElo "1420"]
[PlyCount "130"]
[EventDate "2021.08.27"]
[EventType "swiss"]
[EventRounds "7"]
[EventCountry "VEN"]
[SourceTitle "EXT 2023"]
[Source "ChessBase"]
[SourceDate "2022.10.05"]
[SourceVersion "1"]
[SourceVersionDate "2022.10.05"]
[SourceQuality "1"]

1. d4 Nf6 2. c4 g6 3. f3 Bg7 4. e4 d6 5. Nc3 0-0 6. Be3 c6 7. Nge2 Bd7 8. Ng3 Na6 9. Be2 c5 10. d5 Nc7 11. 0-0 a6 12. a4 Rb8 13. Qd2 b5 14. axb5 axb5 15. b3 bxc4 16. bxc4 Rb3 17. Rfb1 Rxc3 18. e5 Rxe3 19. Qxe3 Nfxd5 20. cxd5 Bxe5 21. Rd1 Nxd5 22. Rxd5 Bxa1 23. Kf1 Bd4 24. Qc1 Be6 25. Rxd4 cxd4 26. Qb2 Qc7 27. Qxd4 Qc1+ 28. Kf2 Qc5 29. Qxc5 dxc5 30. Ne4 c4 31. Ke3 Rc8 32. Kd4 Rd8+ 33. Kc3 Ra8 34. Bxc4 Bxc4 35. Kxc4 Ra2 36. g3 Rxh2 37. Kd3 f5 38. Nd2 Rh3 39. Ke3 Rxg3 40. Kf2 Rh3 41. Kg2 Rh5 42. Kg3 e5 43. Nc4 e4 44. fxe4 fxe4 45. Nd6 Re5 46. Kf4 e3 47. Kxe5 e2 48. Ke4 e1Q+ 49. Kd5 h5 50. Ne4 h4 51. Nf6+ Kf7 52. Ne4 Qa5+ 53. Kd4 h3 54. Ke3 h2 55. Ng3 Qc3+ 56. Kf2 Qxg3+ 57. Kxg3 h1Q 58. Kf4 Kf6 59. Ke3 Ke5 60. Kd2 Qf3 61. Kc2 Kd4 62. Kb2 Kc4 63. Kc1 Kc3 64. Kb1 Qg2 65. Kc1 Qc2# 0-1